The 100 most popular Dog Names of 2020 - Statistics

General Stats
  • This quiz has been taken 609 times
  • The average score is 27 of 100
Answer Stats
Place Answer % Correct
6. Max
67%
29. Jack
63%
1. Bella
58%
3. Charlie
56%
97. Lucky
55%
8. Daisy
54%
68. Lilly
54%
30. Lily
54%
2. Luna
54%
12. Molly
54%
11. Buddy
50%
4. Lucy
49%
88. Olive
47%
41. Rosie
45%
15. Bear
43%
70. Millie
42%
28. Chloe
40%
7. Bailey
39%
10. Lola
39%
5. Cooper
38%
43. Ruby
38%
76. Zoe
37%
45. Leo
36%
22. Milo
35%
23. Oliver
35%
40. Coco
34%
25. Rocky
34%
42. Teddy
34%
17. Duke
33%
78. Henry
33%
19. Maggie
33%
34. Ellie
32%
72. Beau
31%
49. Ollie
31%
27. Sophie
31%
36. Toby
31%
62. Jake
30%
54. Marley
29%
53. Mia
29%
9. Sadie
29%
13. Stella
29%
24. Riley
28%
61. Blue
27%
95. Frankie
27%
96. Oscar
27%
26. Penny
27%
39. Roxy
27%
18. Harley
25%
75. Jackson
25%
20. Jax
25%
14. Tucker
25%
99. Belle
24%
35. Winston
24%
33. Zeus
24%
73. Buster
23%
64. Abby
22%
46. Finn
22%
44. Gracie
22%
57. Willow
22%
31. Nala
19%
32. Piper
19%
83. Baxter
18%
55. Gus
18%
60. Pepper
18%
47. Scout
18%
69. Shadow
18%
21. Bentley
17%
87. Ginger
17%
81. Izzy
17%
85. Layla
17%
90. Lexi
17%
89. Winnie
17%
79. Ace
16%
82. Bruno
16%
48. Dexter
16%
92. Jasper
16%
56. Hank
15%
38. Murphy
15%
71. Nova
15%
93. Hazel
14%
52. Moose
14%
100. Brody
13%
58. Louie
13%
59. Thor
13%
51. Diesel
12%
74. Dixie
12%
37. Loki
12%
66. Bandit
11%
16. Zoey
11%
98. Dakota
10%
84. Tank
10%
63. Gunner
9%
50. Koda
9%
77. Oakley
9%
91. Remi
9%
94. Gizmo
8%
67. Kona
8%
80. Maverick
8%
65. Apollo
7%
86 Athena
6%
No matching quizzes found
Score Distribution
Percent of People with Each Score
Percentile by Number Answered
Your Score History
You have not taken this quiz